Painting landscape in watercolour
| Main Author: | |
|---|---|
| Format: | Book |
| Published: |
London :
Studio Vista ,
1994
|
| Series: | Beginner's guides
|
| Subjects: |
MARC
| LEADER | 00000cam a2200000 7i4500 | ||
|---|---|---|---|
| 001 | 0000006418 | ||
| 002 | 000006927 | ||
| 005 | 20161103.0 | ||
| 020 | |a 0289801176 | ||
| 090 | 0 | 0 | |a 751.422 |b MON |
| 100 | 1 | |a Monahan, Patricia | |
| 245 | 1 | 0 | |a Painting landscape in watercolour |c Patricia Monahan |
| 260 | |a London : |b Studio Vista , |c 1994 | ||
| 300 | |a 95p. : |b ill. ; |c 29cm. | ||
| 490 | 0 | |a Beginner's guides | |
| 650 | 0 | 0 | |a Watercolor painting |x Technique |
| 999 | |a 038015 |b BUKU |c PINJAMAN |e PERPUSTAKAAN KOMUNITI PETALING JAYA | ||